|
|
|
|
| LEADER |
00000nam a2200000 a 4500 |
| 001 |
UCO0252 |
| 003 |
CL-VaPUC |
| 005 |
20240906145014.0 |
| 008 |
000420e19720000CL |||||||||||||||||eng|d |
| 999 |
|
|
|c 286967
|d 286965
|
| 040 |
|
|
|c Pontificia Universidad Católica de Valparaíso
|
| 041 |
0 |
7 |
|a eng
|2 CL-VaPUC
|
| 041 |
0 |
7 |
|a spa
|2 CL-VaPUC
|
| 082 |
0 |
4 |
|a 983.0646 DOC 1972
|2 21
|
| 245 |
1 |
0 |
|a Documentos secretos de la ITT
|
| 250 |
|
|
|a Tercera edición
|
| 260 |
|
|
|a Santiago, Chile
|b Quimantu
|c 1972
|
| 300 |
|
|
|a 93 páginas
|
| 583 |
|
|
|a last modification
|c 20000420 00:00:00
|k Rodrigo Vera
|
| 600 |
|
0 |
|a Allende Gossens, Salvador,
|d 1908-1973
|9 257222
|
| 610 |
|
|
|2 INTERNATIONAL TELEPHONE AND TELEGRAPH CORPORATION
|
| 650 |
|
7 |
|a HISTORIA DE CHILE
|2 CL-VaPUC
|9 418252
|y 1970-1973
|
| 650 |
|
0 |
|a Unidad popular
|z CHILE
|9 317409
|
| 651 |
|
7 |
|a CHILE
|2 CL-VaPUC
|9 441391
|z ESTADOS UNIDOS
|
| 852 |
|
|
|a BIBCUR
|
| 942 |
|
|
|c BK
|2 ddc
|
| 945 |
|
|
|d 20000420 00:00:00
|a crobeson
|
| 952 |
|
|
|0 0
|1 0
|2 ddc
|4 0
|6 983_064600000000000_DOC_1972
|7 0
|8 A
|9 333253
|a BIBHIS
|b BIBHIS
|d 2019-11-20
|i 1270079
|o 983.0646 DOC 1972
|p 1270079
|r 2025-01-20
|t 1
|w 2019-11-20
|y BK
|k HIS
|